Konkurencieschopnosť slovenských potravinárskych výrobkov

Analýza relevantných ekonomických ukazovateľov potravinárskeho priemyslu, sebestačnosti SR v agropotravinárskych komoditách, zahraničnej obchodnej výmeny a identifikáciu podielu slovenských potravinárskych výrobkov na domácom trhu v období rokov 2012 - 2016.

Gespeichert in:
Bibliographische Detailangaben
1. Verfasser: Matošková, Dagmar
Weitere Verfasser: Gálik, Jozef
Format: Buchkapitel
Sprache:Slowakisch
Schlagworte:
Tags: Tag hinzufügen
Keine Tags, Fügen Sie das erste Tag hinzu!

MARC

LEADER 00000naa a2200000 4500
001 0249271
005 20220722101955.7
041 0 |a slo 
044 |a SK 
245 1 0 |a Konkurencieschopnosť slovenských potravinárskych výrobkov  |c Dagmar Matošková, Jozef Gálik 
520 |a Analýza relevantných ekonomických ukazovateľov potravinárskeho priemyslu, sebestačnosti SR v agropotravinárskych komoditách, zahraničnej obchodnej výmeny a identifikáciu podielu slovenských potravinárskych výrobkov na domácom trhu v období rokov 2012 - 2016. 
610 2 0 |a priemysel potravinársky 
610 2 0 |a sebestačnosť potravinová 
610 2 0 |a ukazovatele ekonomické 
610 2 0 |a konkurencieschopnosť 
610 2 0 |a potraviny 
610 2 0 |a Slovensko 
610 2 0 |a obchod zahraničný 
610 2 0 |a výrobky domáce 
610 2 0 |a trh domáci 
100 1 |a Matošková, Dagmar 
700 1 |a Gálik, Jozef